000 00816aam a2200289 i 4500
001 768714001
003 CO-MdFUSB
005 20250502154734.0
007 ta
008 250502t1988 ck |||| |||| 00| 0 spa d
040 _cCO-MdFUSB
041 0 _aspa
082 0 4 _223
_a241
_bC74889c
110 1 _aConferencia Episcopal de Colombia
245 1 0 _aCompromiso moral del cristiano
_c/ Conferencia Episcopal de Colombia
250 _acuarta edición
264 1 _bSecretariado Permanente del Episcopado Colombiano,
_aBogotá, Colombia :
_c[1988]
264 4 _c©1988
300 _a386 páginas
336 _atexto
_btxt
_2rdacontent
337 _2rdamedia
_asin mediación
_bn
338 _2rdacarrier
_avolumen
_bnc
563 _aRústico
653 _aTeología Moral
942 _cBK
945 _aJTF-925
999 _c35343
_d35343